Asbm journal of management

Detalles Bibliográficos
Formato: Desconocido
Lenguaje:inglés
Publicado: Bhubaneswar (India) : Asian School of Business Management
Materias:
Acceso en línea:Acceso restringido

MARC

LEADER 00000ny a22000003n 4500
005 20110516103844.0
008 101020c199u9999ii un p 0 a0eng d
035 |a 5153 
040 |a BUS  |d vLex 
090 |c 1925  |d 1925 
245 3 0 |a Asbm journal of management  |h [Recurso electrn̤ico] 
256 |a Servicio en ln̕ea 
260 |a Bhubaneswar (India) :  |b Asian School of Business Management 
506 1 |a Contenido solo disponible en los productos indicados  |d vLex Global  |d vLex Global (Academic Edition, excluding Law Schools)  |d vLex Global (U.S. Academic Edition, excluding Law Schools) 
650 0 4 |a Gestin̤  |x Publicaciones perid̤icas 
740 |a vLex Revista (Servicios en ln̕ea) 
843 |a Electrn̤ica. Cerrada 
853 |8 1  |i (year)  |j (month)  |k (day) 
856 4 0 |z Acceso restringido  |u http://vlex.com/account/login_ip?fuente_id=5153 
942 |c REV